000 00347nam a22001457a 4500
020 _a0 7112 2026 2
082 _a658.31 240 4 TUR
100 _aM.Turrell
245 _aTraining Analysis
260 _aBritain
_bMacdonald and Evans
_c1980
300 _aix;132p.
_bill;22cm
500 _ainclude;index
650 _aTraning analyisis
942 _cBK
999 _c17864
_d17864